00925nas a2200229Ia 4500001001100000003000900011008004100020040001300061040001300074041001300087100004600100210001900146222001900165245005600184250001100240260002300251501008600274300002000360362001600380500025600396650004300652R109/F3118IT-RoPAU151124c99999999xx |||||||||||| ||und|| aIT-RoPAU cIT-RoPAU aFRANCESE aPerrot MichellegCodice Aut. SPICS: 17394 aCOMMUNICATIONS aCommunications aCOMMUNICATIONS, N.65 (1997)bGenre De la Ville (Le) a1a ed. aPARISbSEUILc1997 bPaulus - SPICS - Società San Paolo EM (non-commercial uses only)cCopyright2015 a15 p. [149-163] aN.65 (1997) aGenere della Città. Frontiere dei Sessi nel Secolo Xix: Esempio di Parigi: Spazi Interdetti Alle Donne, Luoghi Femminili nella Città, Spazio Femminile Tipico: Lavatoio. Luoghi Misti: Problema della Promiscuità Dello Spazio Urbano nel Secolo Xix. aCOMUNICAZIONEvPUBBLICAZIONE PERIODICA